| 000 | 00926nam a22003017a 4500 | ||
|---|---|---|---|
| 001 | 5013 | ||
| 003 | FISKH | ||
| 005 | 20250506085213.0 | ||
| 008 | 241031b cb ||||| |||| 00| 0 eng d | ||
| 020 | _a0590466372 | ||
| 040 |
_aFISKH _beng _cFISKH _dFISKH |
||
| 050 | _aPZ7.K6797 | ||
| 082 | _a813.54 | ||
| 100 |
_aKline, Suzy _d(1943-) |
||
| 245 |
_aHorrible harry's secret / _cBy Suzy Kline Pictures by Frank Remkiewicz |
||
| 250 | _aFirst printing in 1993 | ||
| 260 |
_aNew York : _bScholastic, _c1993. |
||
| 300 |
_a52 pages : _billustrations ; _c20 cm |
||
| 505 | _aJ | ||
| 520 | _aHorrible Harry falls in love with Song Lee, and Harry's best friend, Doug, can't stand all that mush. | ||
| 521 | 8 |
_a450L
_bLexile |
|
| 521 | 8 |
_aJ
_bRaz-Plus |
|
| 650 |
_2Horrible Harry _aRealistic fiction |
||
| 651 |
_2Humor _aSchool |
||
| 700 |
_aRemkiewicz, Frank _dIllustrator |
||
| 942 |
_2ddc _cBK _n0 |
||
| 999 |
_c5013 _d5013 |
||